000 01113nam a22002537a 4500
999 _c20358
_d20358
005 20181117161411.0
008 181117s2017 ck ad|||r|||| 00| 0 spa d
020 _a9789251307991
040 _aCO-BoIAVH
_cCO-BoIAVH
041 0 _aspa
044 _ack
082 0 4 _a333.76068
_bZ75r
245 0 4 _aLas zonas de reserva campesina :
_bRetos y experiencias significativas en su implementención /
_ccoordinación por Alejandra Vega Rodríguez
250 _aPrimera edición
260 _aBogotá (Colombia) :
_bOrganización de las Naciones Unidas para la Alimentación y la Agricultura,
_c2018.
300 _a510 páginas :
_bilustraciones a color y gráficas ;
_c24 x 17 cm.
504 _aIncluye referencias bibliográficas.
650 2 6 _aTierras agrícolas
_zColombia
650 2 6 _aGobernanza de la tierra
_xCampesinado
_zColombia
650 2 6 _aReservas naturales
_xCampesinado
_zColombia
700 1 _aVega Rodríguez, Alejandra
_ecoordinadora
710 2 _aOrganización de las Naciones Unidas para la Alimentación y la Agricultura (FAO)
942 _2ddc
_cLIBRO